000 00544nam a22002297a 4500
003 UA-OsUOA
001 31276
007 ta
008 20041209b un ||||| |||| 00| 0 ukr d
090 _a34(094.8)
_bН28
942 _cBK
040 _aUA-OsUOA
_bukr
_cUA-OsUOA
_dUA-OsUOA
245 _aНариси з нормотворення
_b(міжнародний досвід)
300 _a130 с.
955 _a0
041 _aukr
080 _a34(094.8)
260 _aКиїв
_c2000
044 _aUA
650 7 _2UDC
999 _c317698
_d317698